Química : cuadernos de resolución de ejercicios de las ciencias asistidas por medios informáticos /
Guardado en:
| Autor Principal: | |
|---|---|
| Formato: | Libro |
| Publicado: |
Buenos Aires :
Conicet,
1996
|
| Series: | Colección Crecami
|
| Materias: | |
| Etiquetas: |
Agregar Etiqueta
Sin Etiquetas, Sea el primero en etiquetar este registro!
|
| LEADER | 01349nam a22002895a 4500 | ||
|---|---|---|---|
| 001 | CEM.cems009601 | ||
| 005 | 20080826101304.0 | ||
| 008 | 130507s1996##################000#0#####d | ||
| 003 | CEMS | ||
| 020 | |a 9506920486 | ||
| 082 | 0 | 4 | |a 546 |
| 100 | 1 | |a Bosch, Horacio E. | |
| 245 | 1 | 0 | |a Química : |b cuadernos de resolución de ejercicios de las ciencias asistidas por medios informáticos / |c Horacio E. Bosch |
| 260 | |a Buenos Aires : |b Conicet, |c 1996 | ||
| 300 | |a 111 p. | ||
| 490 | 0 | |a Colección Crecami | |
| 500 | |a Modalidades de integración de la tecnología informática con la educaciónred Federal de Formación Docente Continuaprograma Prociencia | ||
| 505 | 0 | |a Ecuaciones que describen el comportamiento de gases ideales -- Relaciones estequiométricas entre sustancias que reaccionan químicamente -- Solubilidad -- Electrólisis -- Energía de reacción química -- Acidos y bases -- Equilibrio químico -- Cinética química | |
| 653 | |a Química | ||
| 653 | |a Didáctica de la química | ||
| 653 | |a Educación tecnológica | ||
| 653 | |a Educación y computación | ||
| 653 | |a Informática educativa | ||
| 859 | |a CEMS |b BIB. CEMS - 11 de abril |h 546 |i B65 |p 19422.97 |t Ej.1 | ||
| 859 | |a CEMS |b BIB. CEMS - 11 de abril |h 546 |i B65 |p 19423.97 |t Ej.2 | ||
| 859 | |a CEMS |b BIB. CEMS - 11 de abril |h 546 |i B65 |p 19424.97 |t Ej.3 | ||
| 859 | |a CEMS |b BIB. CEMS | ||
